000 00633nam a2200229 i 4500
001 C2-0297786
003 PPAK
005 20180728075948.0
008 090521s2005 ii |||| ||||| | tam d
040 _aPPAK
_beng
_cPPAK
_erda
082 0 4 _a894.8111
_223
090 0 0 _a894.8111
_bMEY
_dG
100 1 _aMeyyappan, Pathipuch Semmal S.,
_eauthor
245 1 0 _aBharathithasan padakkal
264 1 _aChennai, India :
_bManivasakar Pathipagam ,
_c2005
300 _a64 pages ;
_c18 cm
336 _2rdacontent
_atext
337 _2rdamedia
_aunmediated
338 _2rdacarrier
_avolume
650 1 0 _aTamil poetry
942 _ddc
_cB
999 _c102150
_d102150